Музыкальные исполнители Украины - Армагеддон - Statistics

General Stats
  • This quiz has been taken 18 times
  • The average score is 11 of 25
Answers on the Grid
Answers color-coded by a green-red scale on the quiz's grid according to % correct below.
АлоэВера
НОМ
Тень Солнца
Дельфин
Вопли Видоплясова
Николай Гнатюк
Пирятин
Илья Словесник
Тарас Компаниченко
IFK
ВИА Гра
Louna
Ноль
Сансара
Вера Брежнева
Океан Эльзы
София Ротару
Орест Лютый
Верка Сердючка
Псой Короленко
Бумбокс
Петля Нестерова
Лидия Русланова
Андрей Миколайчук
Иван Дорн
ПТВП
Энджи Крейда
Кожаный Олень
Алиса Мон
Руслана
Walkie
Цирюльня им. Котовского
Ляпис Трубецкой
Скрябин
Мастер
Bredor
Тина Кароль
Ярослав Евдокимов
Tequilajazz
Пророк Санбой
АХС и МСЗ
Kalush
Светлана Лобода
Натиск
Вадим Казаченко
Дмитрий Колдун
Мультфильмы
Год Змеи
Небо Здесь
Воскресение
 
Answer Stats
Answer % Correct
Верка Сердючка
85%
Вера Брежнева
77%
Океан Эльзы
77%
София Ротару
77%
Иван Дорн
77%
ВИА Гра
69%
Бумбокс
69%
Светлана Лобода
62%
Вопли Видоплясова
54%
Тарас Компаниченко
54%
Андрей Миколайчук
54%
Руслана
54%
Скрябин
54%
Тина Кароль
54%
Орест Лютый
38%
Цирюльня им. Котовского
38%
Николай Гнатюк
31%
Псой Короленко
23%
Энджи Крейда
23%
Kalush
23%
Тень Солнца
15%
Ярослав Евдокимов
15%
Пирятин
8%
Кожаный Олень
0%
Bredor
0%
No matching quizzes found
Score Distribution
Percent of People with Each Score
Percentile by Number Answered
Your Score History
You have not taken this quiz